Formule 1 Kampioenschaps Autos Foto’s Quiz - Statistieken

Algemene statistieken
  • Deze quiz is 7 keer genomen
    4 sinds de laatste reset
  • De gemiddelde score is 26 van 86
Antwoordstatistieken
Foto Hint Antwoord % Correct
2021 Red Bull -Rijders RB16B
100%
2022 Red Bull RB18
100%
2023 Red Bull RB19
100%
2024 Red Bull -Rijders RB20
100%
2010 Red Bull RB6
100%
2011 Red Bull RB7
100%
2012 Red Bull RB8
100%
2013 Red Bull RB9
100%
2014 Mercedes W05
100%
2015 Mercedes W06
100%
2016 Mercedes W07
100%
2017 Mercedes W08
100%
2018 Mercedes W09
100%
2019 Mercedes W10
100%
2020 Mercedes W11
100%
2021 Mercedes -Constructeurs W12
100%
2009 Brawn GP Brawn BGP 001
33%
2000 Ferrari F1-2000
33%
2001 Ferrari F2001
33%
2002 Ferrari F2002
33%
2003 Ferrari F2003-GA
33%
2004 Ferrari F2004
33%
2007 Ferrari F2007
33%
2008 Ferrari -Constructeurs F2008
33%
1980 Williams FW07
33%
1981 Williams -Constructeurs FW07D
33%
1982 Williams -Rijders FW08
33%
1986 Williams -Constructeurs FW11
33%
1987 Williams FW11B
33%
1992 Williams FW14B
33%
1993 Williams FW15C
33%
1994 Williams -Constructeurs FW16
33%
1996 Williams FW18
33%
1997 Williams FW19
33%
2024 McLaren -Constructeurs MCL38
33%
2025 McLaren MCL39
33%
1998 McLaren MP4-13
33%
1999 McLaren -Rijders MP4-14
33%
1984 McLaren MP4-2
33%
2008 McLaren -Rijders MP4-23
33%
1985 McLaren MP4-2B
33%
1986 McLaren -Rijders MP4-2C
33%
1988 McLaren MP4-4
33%
1989 McLaren MP4-5
33%
1990 McLaren MP4-5B
33%
1991 McLaren MP4-6
33%
1971 Tyrrell 003
0%
1973 Tyrrell -Rijders 006
0%
1982 Ferrari -Constructeurs 126C2
0%
1983 Ferrari -Constructeurs 126C3
0%
1961 Ferrari 156
0%
1964 Ferrari 158
0%
1958 Ferrari -Rijders 246
0%
1963 Lotus 25
0%
1954 Maserati -Rijders, 1957 250F
0%
1975 Ferrari 312T
0%
1976 Ferrari -Constructeurs, 1977 312T2
0%
1979 Ferrari 312T4
0%
1965 Lotus 33
0%
1968 Lotus 49
0%
1954 Ferrari -Constructeurs 625 F1
0%
1970 Lotus 72
0%
1972 Lotus 72D
0%
1973 Lotus -Constructeurs 72E
0%
1978 Lotus 79
0%
1950 Alfa Romeo Alfetta 158
0%
1951 Alfa Romeo Alfetta 159
0%
1994 Benetton -Rijders B194
0%
1995 Benetton B195
0%
1966 Brabham BT20
0%
1967 Brabham BT24
0%
1981 Brabham -Rijders BT49
0%
1983 Brabham -Rijders BT52
0%
1999 Ferrari -Constructeurs F399
0%
1956 Ferrari Lancia D50
0%
1974 McLaren M23
0%
1976 McLaren -Rijders M26
0%
1969 Matra MS84
0%
1962 BRM P57
0%
2005 Renault R25
0%
2006 Renault R26
0%
1959 Cooper T51
0%
1960 Cooper T53
0%
1952-1953 Ferrari Tipo 500
0%
1958 Vanwall -Constructeurs VW 5
0%
1955 Mercedes, 1954 Rijders W196
0%
Geen overeenkomende quizzen gevonden
Scoreverdeling
Procent van Mensen met Elke Score
Percentiel versus Aantal Correcte Antwoorden
Uw Scoregeschiedenis
U heeft deze quiz nog niet genomen sinds de laatste reset